| 000 | 00460nam a2200157Ia 4500 | ||
|---|---|---|---|
| 003 | GCL | ||
| 008 | 140319s9999 xx 000 0 eng d | ||
| 040 |
_aGCL / _cGCL |
||
| 082 | 0 | 4 |
_a621.3673 _bB M |
| 100 | 1 | _aBALLINGER, PHILIP | |
| 245 | 1 | 0 |
_aMERRILL'S A TLAS OF RADIOGRAPHIC POSITIONS AND RADSALOGIC PROCEDURES / _cBALLINGER, PHILIP |
| 260 |
_a[S.N] : _bMOSBY -YEAR BOOK , JNC ، _c1991 |
||
| 650 | 0 | 4 | _aRADIOLOGY |
| 650 | 0 | 4 | _aRADOGRAPHIC |
| 942 |
_2ddc _cBK |
||
| 999 |
_c10741 _d10741 |
||